Detalles MARC
| 000 -CABECERA |
| campo de control de longitud fija |
02495nam a2200433 a 4500 |
| 001 - NÚMERO DE CONTROL |
| campo de control |
000027280 |
| 003 - IDENTIFICADOR DEL NÚMERO DE CONTROL |
| campo de control |
DO-SdBNP |
| 005 - FECHA Y HORA DE LA ÚLTIMA TRANSACCIÓN |
| campo de control |
20250221073755.0 |
| 008 - DATOS DE LONGITUD FIJA--INFORMACIÓN GENERAL |
| campo de control de longitud fija |
100407s2014 dr ad 000 0 spa d |
| 040 ## - FUENTE DE LA CATALOGACIÓN |
| Centro catalogador/agencia de origen |
DO-SdBNP |
| Lengua de catalogación |
spa |
| Centro/agencia transcriptor |
BNPHU |
| 082 ## - NÚMERO DE LA CLASIFICACIÓN DECIMAL DEWEY |
| Número de clasificación |
317.2932 |
| Número de documento/Ítem |
P438es |
| 245 00 - MENCIÓN DE TÍTULO |
| Título |
Perfiles estadísticos provinciales : |
| Resto del título |
regiones Valdesia - Ozama / |
| Mención de responsabilidad, etc. |
presentación Pablo Tactuk. |
| 260 ## - PUBLICACIÓN, DISTRIBUCIÓN, ETC. |
| Lugar de publicación, distribución, etc. |
Santo Domingo : |
| Nombre del editor, distribuidor, etc. |
ONE, |
| Fecha de publicación, distribución, etc. |
2014. |
| 300 ## - DESCRIPCIÓN FÍSICA |
| Extensión |
169 p. : |
| Otras características físicas |
il., diagr. ; |
| Dimensiones |
28 cm. |
| 505 0# - NOTA DE CONTENIDO CON FORMATO |
| Título |
Región Valdesia |
| Información miscelánea |
Azua |
| -- |
Peravia |
| -- |
San Cristóbal |
| -- |
San José de Ocoa |
| Título |
Región Ozama |
| Información miscelánea |
Distrito Nacional |
| -- |
Santo Domingo |
| 590 ## - NOTA LOCAL (RLIN) |
| Nota local |
Inventariado,2018/DG |
| 651 #4 - PUNTO DE ACCESO ADICIONAL DE MATERIA--NOMBRE GEOGRÁFICO |
| Nombre geográfico |
Azua, República Dominicana |
| Subdivisión general |
Población |
| Subdivisión de forma |
Estadísticas |
| 9 (RLIN) |
54341 |
| 651 #4 - PUNTO DE ACCESO ADICIONAL DE MATERIA--NOMBRE GEOGRÁFICO |
| Nombre geográfico |
Azua, República Dominicana |
| Subdivisión general |
Condiciones económicas |
| Subdivisión de forma |
Estadísticas |
| 9 (RLIN) |
54342 |
| 651 #4 - PUNTO DE ACCESO ADICIONAL DE MATERIA--NOMBRE GEOGRÁFICO |
| Nombre geográfico |
Azua, República Dominicana |
| Subdivisión general |
Condiciones sociales |
| Subdivisión de forma |
Estadísticas |
| 9 (RLIN) |
54343 |
| 651 #4 - PUNTO DE ACCESO ADICIONAL DE MATERIA--NOMBRE GEOGRÁFICO |
| Nombre geográfico |
Peravia, República Dominicana |
| Subdivisión general |
Población |
| Subdivisión de forma |
Estadísticas |
| 9 (RLIN) |
54344 |
| 651 #4 - PUNTO DE ACCESO ADICIONAL DE MATERIA--NOMBRE GEOGRÁFICO |
| Nombre geográfico |
Peravia, República Dominicana |
| Subdivisión general |
Condiciones económicas |
| Subdivisión de forma |
Estadísticas |
| 9 (RLIN) |
54345 |
| 651 #4 - PUNTO DE ACCESO ADICIONAL DE MATERIA--NOMBRE GEOGRÁFICO |
| Nombre geográfico |
Peravia, República Dominicana |
| Subdivisión general |
Condiciones sociales |
| Subdivisión de forma |
Estadísticas |
| 9 (RLIN) |
54346 |
| 651 #4 - PUNTO DE ACCESO ADICIONAL DE MATERIA--NOMBRE GEOGRÁFICO |
| Nombre geográfico |
San Cristóbal, República Dominicana |
| Subdivisión general |
Población |
| Subdivisión de forma |
Estadísticas |
| 9 (RLIN) |
54347 |
| 651 #4 - PUNTO DE ACCESO ADICIONAL DE MATERIA--NOMBRE GEOGRÁFICO |
| Nombre geográfico |
San Cristobal, República Dominicana |
| Subdivisión general |
Condiciones económicas |
| Subdivisión de forma |
Estadísticas |
| 9 (RLIN) |
54348 |
| 651 #4 - PUNTO DE ACCESO ADICIONAL DE MATERIA--NOMBRE GEOGRÁFICO |
| Nombre geográfico |
San Cristóbal, República Dominicana |
| Subdivisión general |
Condiciones sociales |
| Subdivisión de forma |
Estadísticas |
| 9 (RLIN) |
54349 |
| 651 #4 - PUNTO DE ACCESO ADICIONAL DE MATERIA--NOMBRE GEOGRÁFICO |
| Nombre geográfico |
San José De Ocoa, República Dominicana |
| Subdivisión general |
Población |
| Subdivisión de forma |
Estadísticas |
| 9 (RLIN) |
54350 |
| 651 #4 - PUNTO DE ACCESO ADICIONAL DE MATERIA--NOMBRE GEOGRÁFICO |
| Nombre geográfico |
San José de Ocoa, República Dominicana |
| Subdivisión general |
Condiciones económicas |
| Subdivisión de forma |
Estadísticas |
| 9 (RLIN) |
54351 |
| 651 #4 - PUNTO DE ACCESO ADICIONAL DE MATERIA--NOMBRE GEOGRÁFICO |
| Nombre geográfico |
San José de Ocoa, República Dominicana |
| Subdivisión general |
Condiciones sociales |
| 9 (RLIN) |
54352 |
| 651 #4 - PUNTO DE ACCESO ADICIONAL DE MATERIA--NOMBRE GEOGRÁFICO |
| Nombre geográfico |
Santo Domingo, República Dominicana |
| Subdivisión general |
Población |
| Subdivisión de forma |
Estadísticas |
| 9 (RLIN) |
54356 |
| 651 #4 - PUNTO DE ACCESO ADICIONAL DE MATERIA--NOMBRE GEOGRÁFICO |
| Nombre geográfico |
Santo Domingo, República Dominicana |
| Subdivisión general |
Condiciones económicas |
| Subdivisión de forma |
Estadísticas |
| 9 (RLIN) |
54357 |
| 651 #4 - PUNTO DE ACCESO ADICIONAL DE MATERIA--NOMBRE GEOGRÁFICO |
| Nombre geográfico |
Santo Domingo, República Dominicana |
| Subdivisión general |
Condiciones sociales |
| Subdivisión de forma |
Estadísticas |
| 9 (RLIN) |
54358 |
| 651 #4 - PUNTO DE ACCESO ADICIONAL DE MATERIA--NOMBRE GEOGRÁFICO |
| Nombre geográfico |
Distrto Nacional (República Dominicana) |
| Subdivisión general |
Población |
| Subdivisión de forma |
Estadísticas |
| 9 (RLIN) |
80620 |
| 651 #4 - PUNTO DE ACCESO ADICIONAL DE MATERIA--NOMBRE GEOGRÁFICO |
| Nombre geográfico |
Distrito Nacional (República Dominicana) |
| Subdivisión general |
Condiciones económicas |
| Subdivisión de forma |
Estadísticas |
| 9 (RLIN) |
80621 |
| 651 #4 - PUNTO DE ACCESO ADICIONAL DE MATERIA--NOMBRE GEOGRÁFICO |
| Nombre geográfico |
Distrito Nacional (República Dominicana) |
| Subdivisión general |
Condiciones sociales |
| Subdivisión de forma |
Estadísticas |
| 9 (RLIN) |
80622 |
| 700 #2 - PUNTO DE ACCESO ADICIONAL--NOMBRE DE PERSONA |
| Nombre de persona |
Tactuk, Pablo |
| Término indicativo de función/relación |
pres. |
| 9 (RLIN) |
5774 |
| 710 1# - PUNTO DE ACCESO ADICIONAL--NOMBRE DE ENTIDAD CORPORATIVA |
| Nombre de entidad corporativa o nombre de jurisdicción como elemento de entrada |
República Dominicana. |
| Unidad subordinada |
Oficina Nacional de Estadística |
| 9 (RLIN) |
5775 |
| 910 ## - DATOS DE OPCIÓN DEL USUARIO (OCLC) |
| Datos de opción del usuario |
Validado. Control de calidad MFF |
| 942 ## - ELEMENTOS DE PUNTO DE ACCESO ADICIONAL (KOHA) |
| Fuente del sistema de clasificación o colocación |
Dewey Decimal Classification |
| Tipo de ítem Koha |
Libro |